[Event "GBR-ch76"]
[Site "Plymouth"]
[Date "1989.08.10"]
[Round "10.3"]
[White "King, Daniel John"]
[Black "Mestel, A Jonathan"]
[Result "1/2-1/2"]
[WhiteElo "2495"]
[BlackElo "2520"]
[PlyCount "84"]
[EventDate "1989.07.31"]
[EventType "swiss"]
[EventRounds "11"]
[EventCountry "GBR"]
[SourceTitle "BritBase"]
[Source "John Saunders"]
[SourceDate "2023.12.16"]
[SourceVersion "1"]
[SourceVersionDate "2023.12.16"]
[SourceQuality "1"]

1. e4 c5 2. Nf3 d6 3. d4 cxd4 4. Nxd4 Nf6 5. Nc3 g6 6. Be2 Bg7 7. O-O O-O 8.
Bg5 Nc6 9. Nb3 Be6 10. f4 b5 11. Bf3 Bc4 12. Re1 e5 13. f5 Qb6+ 14. Be3 Qc7 15.
a3 gxf5 16. Nd2 f4 17. Nxc4 bxc4 18. Bf2 Rab8 19. Rb1 Ne7 20. Qd2 Ng6 21. b4
cxb3 22. cxb3 Bh6 23. Rec1 Qd7 24. Nd5 Nxd5 25. Qxd5 Bg5 26. Kh1 Rfc8 27. b4
Nh4 28. Bxh4 Bxh4 29. Qd1 Rxc1 30. Rxc1 Rc8 31. Rxc8+ Qxc8 32. Qxd6 Qc1+ 33.
Qd1 Qxa3 34. g3 Bg5 35. b5 fxg3 36. hxg3 Qb2 37. Qe2 Qc1+ 38. Kg2 Be3 39. Kh3
Bd4 40. Kg4 Kg7 41. Kh3 h6 42. Bh5 Qc8+ 1/2-1/2

[Event "GBR-ch76"]
[Site "Plymouth"]
[Date "1989.08.10"]
[Round "10.4"]
[White "Conquest, Stuart C"]
[Black "Chandler, Murray G"]
[Result "0-1"]
[WhiteElo "2515"]
[BlackElo "2585"]
[PlyCount "104"]
[EventDate "1989.07.31"]
[EventType "swiss"]
[EventRounds "11"]
[EventCountry "GBR"]
[SourceTitle "ChessBase 2017"]
[Source "ChessBase"]
[SourceDate "1990.06.01"]
[SourceVersion "1"]
[SourceVersionDate "1990.06.01"]
[SourceQuality "1"]

1. d4 f5 2. Nc3 d5 3. Bf4 Nf6 4. e3 e6 5. h3 Bd6 6. Bxd6 cxd6 7. g4 Nc6 8. Bg2
fxg4 9. hxg4 Bd7 10. g5 Ng8 11. Qh5+ g6 12. Qh2 Qb6 13. Nge2 Nce7 14. O-O O-O-O
15. a4 Nf5 16. a5 Qa6 17. e4 dxe4 18. Bxe4 Nge7 19. f3 h6 20. Bd3 Qc6 21. Qf2
hxg5 22. Bb5 Qc7 23. Bxd7+ Kxd7 24. d5 Nxd5 25. Nxd5 exd5 26. Qxa7 Qc5+ 27.
Qxc5 dxc5 28. a6 b6 29. Rf2 Ne3 30. c3 Kc6 31. b4 Rh3 32. a7 Kb7 33. bxc5 bxc5
34. Nf4 Rg3+ 35. Kh2 gxf4 36. a8=Q+ Rxa8 37. Rb2+ Kc6 38. Rxa8 d4 39. cxd4 cxd4
40. Rc8+ Kd7 41. Rbb8 Rxf3 42. Rd8+ Ke6 43. Rxd4 Kf5 44. Rb1 g5 45. Rd8 Rf2+
46. Kg1 Rg2+ 47. Kh1 Rg3 48. Rg8 Rh3+ 49. Kg1 Kg4 50. Rb5 Rg3+ 51. Kf2 Rg2+ 52.
Ke1 Kf3 0-1

[Event "GBR-ch76"]
[Site "Plymouth"]
[Date "1989.08.10"]
[Round "10.5"]
[White "Hebden, Mark L"]
[Black "Crawley, Gavin"]
[Result "1-0"]
[WhiteElo "2520"]
[BlackElo "2380"]
[PlyCount "45"]
[EventDate "1989.07.31"]
[EventType "swiss"]
[EventRounds "11"]
[EventCountry "GBR"]
[SourceTitle "BritBase"]
[Source "John Saunders"]
[SourceDate "2023.12.16"]
[SourceVersion "1"]
[SourceVersionDate "2023.12.16"]
[SourceQuality "1"]

1. d4 Nf6 2. Nf3 b6 3. Bg5 Ne4 4. Bh4 Bb7 5. Nbd2 g6 6. Nxe4 Bxe4 7. Nd2 Bb7 8.
e4 Bg7 9. c3 O-O 10. Bd3 d5 11. Qe2 c5 12. exd5 Qxd5 13. Be4 Qd7 14. dxc5 bxc5
15. Rd1 Na6 16. Nc4 Qc7 17. Bxb7 Qxb7 18. O-O Rfe8 19. Rfe1 h6 20. Bxe7 Bf8 21.
Nd6 Qd7 22. Nxe8 Rxe8 23. Qf1 1-0

[Event "GBR-ch76"]
[Site "Plymouth"]
[Date "1989.08.10"]
[Round "10.6"]
[White "McDonald, Neil R"]
[Black "Arkell, Keith C"]
[Result "1/2-1/2"]
[WhiteElo "2360"]
[BlackElo "2450"]
[PlyCount "121"]
[EventDate "1989.07.31"]
[EventType "swiss"]
[EventRounds "11"]
[EventCountry "GBR"]
[SourceTitle "BritBase"]
[Source "John Saunders"]
[SourceDate "2023.12.16"]
[SourceVersion "1"]
[SourceVersionDate "2023.12.16"]
[SourceQuality "1"]

1. e4 c6 2. d3 d5 3. Nd2 Qc7 4. g3 Nf6 5. f4 Bg4 6. Ngf3 e6 7. h3 Bxf3 8. Qxf3
Bc5 9. c3 dxe4 10. dxe4 Nbd7 11. b4 Be7 12. a3 a5 13. Bb2 Nb6 14. Rd1 Na4 15.
Ba1 b5 16. Bd3 Nb6 17. g4 axb4 18. axb4 Nfd7 19. h4 Ra2 20. O-O h6 21. Qh3 e5
22. f5 Qa7 23. Kh1 Qa6 24. Nf3 Nc4 25. Bxc4 bxc4 26. Qg3 f6 27. Qe1 c5 28. Rf2
Rxf2 29. Qxf2 cxb4 30. cxb4 Bxb4 31. Qb2 Qa4 32. Qe2 Bc5 33. Kg2 Ke7 34. Qd2
Nb6 35. g5 hxg5 36. hxg5 Qb3 37. gxf6+ gxf6 38. Bxe5 Rg8+ 39. Bg3 Qe3 40. Qxe3
Bxe3 41. Kh3 c3 42. Ne1 Nc4 43. Rb1 Nd6 44. Nc2 Bc5 45. Re1 Kd7 46. Rd1 Kc6 47.
Re1 Kb5 48. Bf4 Nf7 49. e5 fxe5 50. Bxe5 Nxe5 51. Rxe5 Kc4 52. f6 Bd6 53. Re6
Kd5 54. Re3 Be5 55. f7 Rf8 56. Rf3 Ke6 57. Kg4 Bf6 58. Kf4 Rxf7 59. Ke4 Rh7 60.
Nd4+ Kf7 61. Kd3 1/2-1/2

[Event "GBR-ch76"]
[Site "Plymouth"]
[Date "1989.08.10"]
[Round "10.7"]
[White "Howell, James C"]
[Black "Emms, John M"]
[Result "1/2-1/2"]
[WhiteElo "2395"]
[BlackElo "2300"]
[PlyCount "53"]
[EventDate "1989.07.31"]
[EventType "swiss"]
[EventRounds "11"]
[EventCountry "GBR"]
[SourceTitle "BritBase"]
[Source "John Saunders"]
[SourceDate "2023.12.16"]
[SourceVersion "1"]
[SourceVersionDate "2023.12.16"]
[SourceQuality "1"]

1. e4 e5 2. Nf3 Nc6 3. Bb5 a6 4. Ba4 Nf6 5. O-O Be7 6. Re1 b5 7. Bb3 d6 8. c3
O-O 9. h3 Nb8 10. d4 Nbd7 11. Nbd2 Bb7 12. Bc2 Re8 13. b4 Bf8 14. Bb2 a5 15. a3
axb4 16. cxb4 h6 17. Rc1 c6 18. Bd3 Qb6 19. Qc2 Rac8 20. Qb1 Ba8 21. Bf1 Qb7
22. Qa1 Qb8 23. Re3 g6 24. Rce1 Bg7 25. Nb3 Kh7 26. Rd1 Re7 27. dxe5 1/2-1/2

[Event "GBR-ch76"]
[Site "Plymouth"]
[Date "1989.08.10"]
[Round "10.8"]
[White "Flear, Glenn C"]
[Black "Kosten, Anthony C"]
[Result "1-0"]
[WhiteElo "2435"]
[BlackElo "2500"]
[PlyCount "81"]
[EventDate "1989.07.31"]
[EventType "swiss"]
[EventRounds "11"]
[EventCountry "GBR"]
[SourceTitle "BritBase"]
[Source "John Saunders"]
[SourceDate "2023.12.16"]
[SourceVersion "1"]
[SourceVersionDate "2023.12.16"]
[SourceQuality "1"]

1. d4 Nf6 2. c4 e6 3. Nc3 Bb4 4. f3 c5 5. d5 O-O 6. e4 d6 7. Bd3 b5 8. Nge2
exd5 9. cxd5 a6 10. O-O Nbd7 11. Kh1 Re8 12. g4 Ne5 13. Ng3 c4 14. Be2 Bc5 15.
g5 Nfd7 16. f4 b4 17. Na4 Nd3 18. Bxd3 cxd3 19. Qxd3 a5 20. Nxc5 Nxc5 21. Qd4
Qe7 22. e5 dxe5 23. fxe5 Bb7 24. Kg1 Nd7 25. Bf4 Nf8 26. Nf5 Qd7 27. Nd6 Qg4+
28. Kh1 Ne6 29. Qd2 Nxf4 30. Nxb7 Ng6 31. e6 fxe6 32. d6 Reb8 33. Nc5 Rd8 34.
d7 Ne5 35. Rf4 Qh3 36. Raf1 Ng6 37. R4f3 Qg4 38. Qd6 Nh4 39. R3f2 Qc4 40. Qxe6+
Qxe6 41. Nxe6 1-0

[Event "GBR-ch76"]
[Site "Plymouth"]
[Date "1989.08.10"]
[Round "10.9"]
[White "Pein, Malcolm"]
[Black "Watson, William Nicholas"]
[Result "1-0"]
[WhiteElo "2385"]
[BlackElo "2495"]
[PlyCount "81"]
[EventDate "1989.07.31"]
[EventType "swiss"]
[EventRounds "11"]
[EventCountry "GBR"]
[SourceTitle "BritBase"]
[Source "John Saunders"]
[SourceDate "2023.12.16"]
[SourceVersion "1"]
[SourceVersionDate "2023.12.16"]
[SourceQuality "1"]

1. Nf3 Nf6 2. c4 g6 3. d4 Bg7 4. Nc3 d6 5. e4 O-O 6. Be2 c6 7. O-O e5 8. d5 a5
9. Ne1 Na6 10. Nd3 cxd5 11. cxd5 b5 12. a3 Bd7 13. b4 Rc8 14. Bd2 Qb6 15. Be3
Qb7 16. Rc1 a4 17. f3 Ne8 18. Qd2 f5 19. exf5 gxf5 20. f4 e4 21. Nf2 Nf6 22.
Rfd1 Rce8 23. h3 Re7 24. g4 h6 25. g5 hxg5 26. fxg5 Ne8 27. h4 Be5 28. Nh3 Rh7
29. h5 Ng7 30. h6 Be8 31. Bf4 Nh5 32. Bxh5 Bxh5 33. Bxe5 dxe5 34. d6 Bg4 35. g6
Rd7 36. Ng5 Bxd1 37. Rxd1 Nc7 38. Qa2+ Kh8 39. g7+ Rxg7 40. hxg7+ Kxg7 41. dxc7
1-0

[Event "GBR-ch76"]
[Site "Plymouth"]
[Date "1989.08.10"]
[Round "10.11"]
[White "Beaumont, Chris R"]
[Black "Nicholson, John Graham"]
[Result "1-0"]
[WhiteElo "2460"]
[BlackElo "2295"]
[PlyCount "97"]
[EventDate "1989.07.31"]
[EventType "swiss"]
[EventRounds "11"]
[EventCountry "GBR"]
[SourceTitle "BritBase"]
[Source "John Saunders"]
[SourceDate "2023.12.16"]
[SourceVersion "1"]
[SourceVersionDate "2023.12.16"]
[SourceQuality "1"]

1. Nf3 Nf6 2. c4 g6 3. Nc3 d5 4. cxd5 Nxd5 5. Qa4+ Bd7 6. Qh4 Bc6 7. Qd4 f6 8.
e3 Bg7 9. Be2 e5 10. Qc4 Nxc3 11. bxc3 Bd5 12. Qb5+ Qd7 13. d4 O-O 14. O-O c6
15. Qa4 b5 16. Qc2 e4 17. Nd2 f5 18. a4 bxa4 19. Ba3 Rd8 20. Qxa4 Qc7 21. c4
Bf7 22. Bb4 Nd7 23. Qa5 Qc8 24. Nb3 Nb6 25. Rfc1 Nd7 26. g3 Rb8 27. Rcb1 Nb6
28. Nd2 Rd7 29. Bc5 Qd8 30. Rb2 Bf8 31. Rab1 Ra8 32. Bxb6 axb6 33. Qxb6 c5 34.
Qxd8 Rdxd8 35. d5 Bg7 36. Rc2 Rdb8 37. Rxb8+ Rxb8 38. f3 exf3 39. Bxf3 Kf8 40.
Kf2 Ke7 41. Ke2 Be8 42. Ra2 Rb2 43. Ra7+ Bd7 44. Kd3 Be5 45. Bd1 Bb8 46. Ra6
Be5 47. Bc2 Bf6 48. Ra7 Rb4 49. Nb3 1-0

[Event "GBR-ch76"]
[Site "Plymouth"]
[Date "1989.08.10"]
[Round "10.12"]
[White "Motwani, Paul"]
[Black "Pigott, John C"]
[Result "0-1"]
[WhiteElo "2490"]
[BlackElo "2370"]
[PlyCount "80"]
[EventDate "1989.07.31"]
[EventType "swiss"]
[EventRounds "11"]
[EventCountry "GBR"]
[SourceTitle "BritBase"]
[Source "John Saunders"]
[SourceDate "2023.12.16"]
[SourceVersion "1"]
[SourceVersionDate "2023.12.16"]
[SourceQuality "1"]

1. e4 c5 2. Nf3 d6 3. d4 cxd4 4. Nxd4 Nf6 5. Nc3 a6 6. Bc4 e6 7. Bb3 Nbd7 8. f4
Nc5 9. e5 dxe5 10. fxe5 Nfd7 11. Bf4 b5 12. Qe2 Bb7 13. O-O-O Qa5 14. Rhf1
Nxb3+ 15. Nxb3 Qc7 16. Nd4 Nc5 17. a3 Be7 18. Qg4 O-O 19. Rde1 Rfd8 20. Bh6 Bf8
21. Bg5 Rd7 22. Re3 Rc8 23. Bf6 Ne4 24. Rxe4 Bxe4 25. Qxe4 Qc4 26. Rd1 gxf6 27.
exf6 Rcd8 28. Nce2 Kh8 29. Rd3 Bh6+ 30. Kb1 Qd5 31. Qh4 Qg5 32. Qf2 e5 33. h4
Qh5 34. Ng3 Qxh4 35. Ndf5 Qf4 36. Rf3 Qc1+ 37. Ka2 Rd2 38. Qb6 Qxc2 39. Rb3 Bf8
40. Nh5 R8d3 0-1

[Event "GBR-ch76"]
[Site "Plymouth"]
[Date "1989.08.10"]
[Round "10.13"]
[White "Barua, Dibyendu"]
[Black "Muir, Andrew J"]
[Result "1-0"]
[WhiteElo "2470"]
[BlackElo "2250"]
[PlyCount "107"]
[EventDate "1989.07.31"]
[EventType "swiss"]
[EventRounds "11"]
[EventCountry "GBR"]
[SourceTitle "BritBase"]
[Source "John Saunders"]
[SourceDate "2023.12.16"]
[SourceVersion "1"]
[SourceVersionDate "2023.12.16"]
[SourceQuality "1"]

1. e4 c5 2. Nf3 Nc6 3. Bb5 g6 4. O-O Bg7 5. Re1 e5 6. Bxc6 dxc6 7. d3 Qe7 8.
Be3 Nf6 9. h3 O-O 10. Nbd2 Nh5 11. a4 b6 12. Qc1 Nf4 13. Bxf4 exf4 14. e5 f6
15. Nc4 Be6 16. Qxf4 fxe5 17. Qg3 Bxc4 18. dxc4 e4 19. c3 Bh6 20. Qe5 Rae8 21.
Qxe7 Rxe7 22. Rad1 Rfe8 23. Nh2 e3 24. fxe3 Bxe3+ 25. Kf1 Bf4 26. Nf3 Bg3 27.
Rxe7 Rxe7 28. Rd2 Kg7 29. Re2 Rxe2 30. Kxe2 Kf6 31. a5 Kf5 32. a6 h5 33. Kd3
Bd6 34. Ng1 g5 35. Ne2 Be5 36. b4 Bd6 37. b5 cxb5 38. cxb5 g4 39. hxg4+ hxg4
40. Ke3 Be5 41. c4 Bb2 42. Ng3+ Ke5 43. Ne4 Bd4+ 44. Kd3 Kf4 45. Nd6 Kg3 46.
Nc8 Kxg2 47. Nxa7 Kf2 48. Nc6 g3 49. Nxd4 cxd4 50. a7 g2 51. a8=Q g1=Q 52. Qf8+
Ke1 53. Qe7+ Kf2 54. Qf6+ 1-0

[Event "GBR-ch76"]
[Site "Plymouth"]
[Date "1989.08.10"]
[Round "10.14"]
[White "Murugan, Krishnamoorthy"]
[Black "Lane, Gary William"]
[Result "1-0"]
[WhiteElo "2450"]
[BlackElo "2385"]
[PlyCount "61"]
[EventDate "1989.07.31"]
[EventType "swiss"]
[EventRounds "11"]
[EventCountry "GBR"]
[SourceTitle "BritBase"]
[Source "John Saunders"]
[SourceDate "2023.12.16"]
[SourceVersion "1"]
[SourceVersionDate "2023.12.16"]
[SourceQuality "1"]

1. d4 Nf6 2. c4 g6 3. Nc3 Bg7 4. Nf3 O-O 5. g3 d6 6. Bg2 Nc6 7. O-O a6 8. b3
Rb8 9. Be3 b5 10. Nd2 Bb7 11. Rc1 Na5 12. cxb5 axb5 13. b4 Bxg2 14. Kxg2 Nc4
15. Nxc4 bxc4 16. b5 d5 17. a4 Ra8 18. Qc2 e6 19. Bg5 c6 20. Rb1 Qb6 21. bxc6
Qxd4 22. Be3 Qe5 23. Bf4 Qd4 24. Bd6 Rfc8 25. Rb7 Ne8 26. Nb5 Qb2 27. Qxb2 Bxb2
28. c7 Rxa4 29. Rb8 Ra8 30. Na7 Nxd6 31. Nxc8 1-0

[Event "GBR-ch76"]
[Site "Plymouth"]
[Date "1989.08.10"]
[Round "10.15"]
[White "Lewis, Andrew P"]
[Black "Ravi, Lanka"]
[Result "1-0"]
[WhiteElo "2285"]
[BlackElo "2410"]
[PlyCount "57"]
[EventDate "1989.07.31"]
[EventType "swiss"]
[EventRounds "11"]
[EventCountry "GBR"]
[SourceTitle "BritBase"]
[Source "John Saunders"]
[SourceDate "2023.12.16"]
[SourceVersion "1"]
[SourceVersionDate "2023.12.16"]
[SourceQuality "1"]

1. c4 g6 2. d4 Nf6 3. Nc3 Bg7 4. e4 d6 5. Nf3 O-O 6. Be2 e5 7. O-O exd4 8. Nxd4
Re8 9. f3 c6 10. Kh1 Nbd7 11. Bg5 a5 12. Qd2 a4 13. Nc2 Qb6 14. Rab1 Qc7 15.
Rfd1 Bf8 16. Bf1 Nh5 17. Bh6 Ng7 18. Ne3 Ne5 19. f4 Ng4 20. Nxg4 Bxg4 21. Re1
f6 22. f5 gxf5 23. Bd3 f4 24. Qxf4 Bc8 25. Qxf6 Ra5 26. Nd5 cxd5 27. exd5 Rxe1+
28. Rxe1 b5 29. Re8 1-0

[Event "GBR-ch76"]
[Site "Plymouth"]
[Date "1989.08.10"]
[Round "10.17"]
[White "Ward, Christopher G"]
[Black "Cullip, Stephen J"]
[Result "0-1"]
[WhiteElo "2380"]
[BlackElo "2300"]
[PlyCount "118"]
[EventDate "1989.07.31"]
[EventType "swiss"]
[EventRounds "11"]
[EventCountry "GBR"]
[SourceTitle "BritBase"]
[Source "John Saunders"]
[SourceDate "2023.12.16"]
[SourceVersion "1"]
[SourceVersionDate "2023.12.16"]
[SourceQuality "1"]

1. d4 Nf6 2. c4 e6 3. Nc3 Bb4 4. Nf3 b6 5. Bg5 Bb7 6. e3 h6 7. Bh4 g5 8. Bg3
Bxc3+ 9. bxc3 d6 10. Nd2 Qe7 11. a4 a5 12. h4 Rg8 13. hxg5 hxg5 14. Qb3 Nc6 15.
Rb1 O-O-O 16. c5 dxc5 17. Nc4 Nd5 18. dxc5 Qxc5 19. Rh7 Rd7 20. Be2 Nf6 21. Rh6
Ne4 22. Bh2 g4 23. Bf4 e5 24. Rh5 Re7 25. Rd1 Kb8 26. Kf1 Bc8 27. Qc2 Nf6 28.
Rg5 Ree8 29. e4 Rxg5 30. Bxg5 Rh8 31. Kg1 g3 32. Be3 gxf2+ 33. Kxf2 Qe7 34. Qb1
Bb7 35. Bf3 Qe6 36. Nd2 Ng4+ 37. Bxg4 Qxg4 38. Rh1 Rg8 39. Qg1 Ba6 40. c4 Nb4
41. Qf1 Qg3+ 42. Ke2 Nc2 43. Rh3 Qxg2+ 44. Qxg2 Rxg2+ 45. Kd3 Nxe3 46. Rxe3 Bc8
47. c5 Be6 48. cxb6 cxb6 49. Nc4 Ra2 50. Nxe5 Ra3+ 51. Kd2 Rxa4 52. Kc2 Kb7 53.
Kb2 b5 54. Nf3 Kb6 55. e5 Rg4 56. Rd3 b4 57. Rd6+ Kc5 58. Ne1 a4 59. Rd1 a3+
0-1

[Event "GBR-ch76"]
[Site "Plymouth"]
[Date "1989.08.10"]
[Round "10.18"]
[White "Hennigan, Michael T"]
[Black "McNab, Colin Anderson"]
[Result "0-1"]
[WhiteElo "2345"]
[BlackElo "2435"]
[PlyCount "124"]
[EventDate "1989.07.31"]
[EventType "swiss"]
[EventRounds "11"]
[EventCountry "GBR"]
[SourceTitle "BritBase"]
[Source "John Saunders"]
[SourceDate "2023.12.16"]
[SourceVersion "1"]
[SourceVersionDate "2023.12.16"]
[SourceQuality "1"]

1. e4 g6 2. Nc3 Bg7 3. f4 c6 4. Nf3 d5 5. e5 h5 6. d4 Nh6 7. Be3 Bg4 8. Be2 b5
9. Qd2 Nd7 10. Bf2 Nb6 11. b3 Nf5 12. a4 a6 13. a5 Nd7 14. Na2 e6 15. O-O Bf8
16. c4 Be7 17. Nb4 Nb8 18. cxb5 cxb5 19. Rfc1 O-O 20. Ra2 Kg7 21. Nd3 Ra7 22.
Qc3 Rh8 23. Rac2 Nh6 24. b4 Bf5 25. Be1 Be4 26. Nd2 Nf5 27. Rb2 Bxd3 28. Qxd3
Rc7 29. Rxc7 Qxc7 30. Rc2 Qb7 31. Qc3 Nc6 32. Qxc6 Qxc6 33. Rxc6 Nxd4 34. Rc7
Nxe2+ 35. Kf1 Bd8 36. Ra7 Nxf4 37. Nb3 Nd3 38. Nc5 Nxc5 39. bxc5 Bg5 40. Rxa6
Rc8 41. Bf2 b4 42. Bd4 b3 43. Rb6 Bd8 44. a6 Ra8 45. Rd6 Be7 46. Rc6 Kf8 47.
Ke2 Ke8 48. Kd3 Kd7 49. Rb6 Bd8 50. Rb7+ Bc7 51. Kc3 Rxa6 52. Kxb3 Kc6 53. Rb4
Ra8 54. Ra4 Rxa4 55. Kxa4 Bd8 56. Kb4 Be7 57. g3 h4 58. gxh4 Bxh4 59. Ka4 Be1
60. h3 Bd2 61. Kb3 Kb5 62. Bf2 Bg5 0-1

[Event "GBR-ch76"]
[Site "Plymouth"]
[Date "1989.08.10"]
[Round "10.19"]
[White "Wells, Peter K"]
[Black "Kinsman, Andrew PH"]
[Result "1-0"]
[WhiteElo "2400"]
[BlackElo "2330"]
[PlyCount "115"]
[EventDate "1989.07.31"]
[EventType "swiss"]
[EventRounds "11"]
[EventCountry "GBR"]
[SourceTitle "BritBase"]
[Source "John Saunders"]
[SourceDate "2023.12.16"]
[SourceVersion "1"]
[SourceVersionDate "2023.12.16"]
[SourceQuality "1"]

1. c4 Nf6 2. Nc3 c5 3. Nf3 e6 4. d4 cxd4 5. Nxd4 Bb4 6. g3 Ne4 7. Qd3 Qa5 8.
Nb3 Nxc3 9. Bd2 Ne4 10. Qxe4 Bxd2+ 11. Nxd2 O-O 12. Bg2 Nc6 13. Qc2 d5 14. O-O
d4 15. Qd3 e5 16. f4 g6 17. Nb3 Qc7 18. fxe5 Bf5 19. Qd2 Qxe5 20. Bxc6 bxc6 21.
Qxd4 Qxe2 22. Rae1 Qd3 23. Re3 Qxd4 24. Nxd4 Bh3 25. Rfe1 Bd7 26. Re7 Rfe8 27.
Kf2 Rxe7 28. Rxe7 Rd8 29. Re5 Re8 30. Rc5 Kg7 31. b4 Rc8 32. Nf3 Kf6 33. Ne5
Ke6 34. Ke3 f6 35. Nxd7 Kxd7 36. Ra5 Rc7 37. Kd4 Kc8 38. Kc5 Kb7 39. Kd6 Rc8
40. Kd7 Rc7+ 41. Ke6 f5 42. Re5 Rc8 43. Kd7 a6 44. a4 Rc7+ 45. Kd6 Rf7 46. Ke6
Rf8 47. Ke7 Rc8 48. h4 Rg8 49. Kd6 Rd8+ 50. Kc5 Rd7 51. Re6 Rf7 52. a5 f4 53.
gxf4 Rxf4 54. Re7+ Kc8 55. Rxh7 Re4 56. Ra7 Rxh4 57. Rxa6 g5 58. Rxc6+ 1-0

[Event "GBR-ch76"]
[Site "Plymouth"]
[Date "1989.08.10"]
[Round "10.20"]
[White "Cavendish, James"]
[Black "Cooper, Lawrence"]
[Result "1/2-1/2"]
[WhiteElo "2390"]
[BlackElo "2300"]
[PlyCount "41"]
[EventDate "1989.07.31"]
[EventType "swiss"]
[EventRounds "11"]
[EventCountry "GBR"]
[SourceTitle "BritBase"]
[Source "John Saunders"]
[SourceDate "2023.12.16"]
[SourceVersion "1"]
[SourceVersionDate "2023.12.16"]
[SourceQuality "1"]

1. c4 e6 2. Nc3 d5 3. d4 Nf6 4. cxd5 exd5 5. Bg5 Nbd7 6. e3 Bb4 7. Bd3 c5 8.
Nge2 cxd4 9. Nxd4 Bxc3+ 10. bxc3 O-O 11. O-O Ne5 12. Bf5 h6 13. Bxc8 Rxc8 14.
Bxf6 Qxf6 15. Qb3 b6 16. Ne2 Rc5 17. Rad1 Qc6 18. Rd4 Nd7 19. Rfd1 Nf6 20. R1d3
Rc8 21. f3 1/2-1/2

[Event "GBR-ch76"]
[Site "Plymouth"]
[Date "1989.08.10"]
[Round "10.25"]
[White "Carr, Neil L"]
[Black "Large, Peter G"]
[Result "0-1"]
[WhiteElo "2315"]
[BlackElo "2340"]
[PlyCount "84"]
[EventDate "1989.07.31"]
[EventType "swiss"]
[EventRounds "11"]
[EventCountry "GBR"]
[SourceTitle "BritBase"]
[Source "John Saunders"]
[SourceDate "2023.12.16"]
[SourceVersion "1"]
[SourceVersionDate "2023.12.16"]
[SourceQuality "1"]

1. e4 c5 2. d4 cxd4 3. c3 Nf6 4. e5 Nd5 5. Nf3 e6 6. cxd4 b6 7. Bd3 Bb4+ 8. Bd2
Bxd2+ 9. Qxd2 Nc6 10. O-O O-O 11. Nc3 Nxc3 12. bxc3 f6 13. exf6 Rxf6 14. Ng5 h6
15. Ne4 Rf8 16. Nd6 Qc7 17. Nxc8 Raxc8 18. Rac1 Na5 19. c4 Qf4 20. Qe3 Rc7 21.
Rc3 Qxe3 22. fxe3 Rxf1+ 23. Kxf1 d5 24. c5 bxc5 25. Rxc5 Rxc5 26. dxc5 Kf7 27.
Bb5 Ke7 28. Ke2 Nb7 29. c6 Nd6 30. c7 Nc8 31. e4 Kd6 32. exd5 exd5 33. Ke3 Kxc7
34. Kd4 Kd6 35. g4 Ne7 36. h3 Nc6+ 37. Ke3 g5 38. Bxc6 Kxc6 39. Kd4 Kd6 40. a3
a6 41. Kc3 Kc5 42. Kd3 d4 0-1

[Event "GBR-ch76"]
[Site "Plymouth"]
[Date "1989.08.10"]
[Round "10.26"]
[White "Collinson, Adam"]
[Black "Sugden, John Neil"]
[Result "1/2-1/2"]
[WhiteElo "2285"]
[BlackElo "2255"]
[PlyCount "62"]
[EventDate "1989.07.31"]
[EventType "swiss"]
[EventRounds "11"]
[EventCountry "GBR"]
[SourceTitle "BritBase"]
[Source "John Saunders"]
[SourceDate "2023.12.16"]
[SourceVersion "1"]
[SourceVersionDate "2023.12.16"]
[SourceQuality "1"]

1. Nf3 Nf6 2. g3 d6 3. Bg2 g6 4. O-O Bg7 5. d4 O-O 6. c4 Nbd7 7. Nc3 e5 8. e4
c6 9. h3 Qb6 10. dxe5 dxe5 11. Qc2 Re8 12. Rd1 Qc7 13. Be3 Bf8 14. Rd2 Nc5 15.
Rad1 Ne6 16. a3 Be7 17. b4 Rd8 18. Rxd8+ Nxd8 19. c5 Ne6 20. Na4 Nd7 21. Nb2 b6
22. cxb6 axb6 23. Qc3 Ba6 24. Bf1 Bxf1 25. Kxf1 c5 26. Nd3 Bf6 27. Rc1 Qb7 28.
Nd2 Qa6 29. Nc4 Nd4 30. bxc5 bxc5 31. Rb1 Qc6 1/2-1/2

[Event "GBR-ch76"]
[Site "Plymouth"]
[Date "1989.08.10"]
[Round "10.30"]
[White "Foster, Nicholas E"]
[Black "Rogers, Jonathan W"]
[Result "1/2-1/2"]
[WhiteElo "2205"]
[BlackElo "2335"]
[PlyCount "46"]
[EventDate "1989.07.31"]
[EventType "swiss"]
[EventRounds "11"]
[EventCountry "GBR"]
[SourceTitle "BritBase"]
[Source "John Saunders"]
[SourceDate "2023.12.16"]
[SourceVersion "1"]
[SourceVersionDate "2023.12.16"]
[SourceQuality "1"]

1. b3 e5 2. Bb2 Nc6 3. c4 Nf6 4. e3 Be7 5. Nc3 O-O 6. Nf3 h6 7. d3 d5 8. cxd5
Nxd5 9. a3 a5 10. Be2 Be6 11. Qc2 f5 12. Na4 Bf6 13. Nc5 Bc8 14. O-O b6 15. Ne6
Bxe6 16. Qxc6 Qd6 17. Qc2 c5 18. Rfe1 Rac8 19. Rad1 f4 20. exf4 Nxf4 21. Bf1
Bg4 22. Qc4+ Be6 23. Qc2 Bg4 1/2-1/2

[Event "GBR-ch76"]
[Site "Plymouth"]
[Date "1989.08.10"]
[Round "10.32"]
[White "Forbes, Cathy"]
[Black "Flear, Christine"]
[Result "1/2-1/2"]
[WhiteElo "2055"]
[BlackElo "2170"]
[PlyCount "48"]
[EventDate "1989.07.31"]
[EventType "swiss"]
[EventRounds "11"]
[EventCountry "GBR"]
[SourceTitle "BritBase"]
[Source "John Saunders"]
[SourceDate "2023.12.16"]
[SourceVersion "1"]
[SourceVersionDate "2023.12.16"]
[SourceQuality "1"]

1. e4 e5 2. Nf3 Nc6 3. Bb5 Nge7 4. c3 a6 5. Ba4 g6 6. d4 exd4 7. cxd4 b5 8. Bb3
Bg7 9. Nc3 d6 10. Be3 O-O 11. a4 Rb8 12. axb5 axb5 13. O-O Bg4 14. h3 Bxf3 15.
gxf3 b4 16. Ne2 d5 17. Qd2 Qd7 18. Kh2 Rfd8 19. Rfd1 Ra8 20. e5 Rxa1 21. Rxa1
f6 22. f4 Rb8 23. Ra6 Kh8 24. Ba4 Qc8 1/2-1/2

[Event "GBR-ch76"]
[Site "Plymouth"]
[Date "1989.08.10"]
[Round "10.38"]
[White "Holland, Edward"]
[Black "Lyell, Mark"]
[Result "0-1"]
[WhiteElo "2310"]
[BlackElo "2310"]
[PlyCount "74"]
[EventDate "1989.07.31"]
[EventType "swiss"]
[EventRounds "11"]
[EventCountry "GBR"]
[SourceTitle "BritBase"]
[Source "John Saunders"]
[SourceDate "2023.12.16"]
[SourceVersion "1"]
[SourceVersionDate "2023.12.16"]
[SourceQuality "1"]

1. e4 e5 2. Nf3 Nc6 3. d4 exd4 4. Bc4 Nf6 5. O-O Bc5 6. c3 Nxe4 7. cxd4 d5 8.
dxc5 dxc4 9. Qe2 Qd3 10. Re1 f5 11. Nc3 O-O 12. Nxe4 fxe4 13. Qxe4 Bf5 14. Qf4
Rad8 15. Qxc7 Bg4 16. Ne5 Nxe5 17. Qxe5 Rde8 18. Qxe8 Rxe8 19. Rxe8+ Kf7 20.
Re1 Qc2 21. h3 Bf5 22. Re3 Be4 23. b3 Qd1+ 24. Kh2 Qd4 25. Rxe4 Qxe4 26. Bb2
Qe2 27. Bd4 Qd3 28. Be3 c3 29. b4 Qc4 30. a3 Qb3 31. g3 Qb2 32. Rd1 Ke8 33. Re1
Kd7 34. c6+ Kxc6 35. Bd4 Kd5 36. Rd1 c2 37. Rd3 Qxd4 0-1